000 00553nam a22001457a 4500
008 240725b |||||||| |||| 00| 0 eng d
020 _a978-1785003431
050 _aN7430.5
_b.A35 2017
100 _aAckland-Snow, Tery
245 _aThe Art of Illusion :
_bProduction desidn for film and television /by
_cTerry Ackland -Snow with Wendy LayBourn
260 _aRamsbury, Marlborough
_bThe Crowood press
_c2017
300 _a192 p.
_bIncludes index, Glossary, Bibliography, Appendix and Technical exercises
700 _aLaybourn, Wendy
942 _2lcc
_cBK
999 _c20506
_d20505